PÍSEŇ. "Věrná láska." /

Hlavní autor: Martinek, Josef
Jazyk: Čeština
Vydáno: [Místo vydání není známé] : Sepsáním a nákladem Josefa Martinka, [1880?]
Témata:
Fyzický popis: 2 nečíslované listy ; 8° (174 mm)
Knihy
Uloženo v:
LEADER 03060nam a2200697 i 4500
001 mzk03001235237
003 CZ BrMZK
005 20211013143153.0
007 ta
008 170522s1880 xr fr|||||00| ||czeod
040 |a BOA001  |b cze  |e rda  |c BOA001 
072 7 |a 094.5  |x Tisky (19. století)  |2 Konspekt  |9 12 
080 |a 316.474  |2 MRF 
080 |a 316.472.42  |2 MRF 
080 |a (0.068)098  |2 MRF 
100 1 |a Martinek, Josef  |4 aut 
245 1 0 |a PÍSEŇ. "Věrná láska." /  |c Sepsáním a nákladem Josefa Martinka 
246 3 3 |a Píseň. Věrná láska 
246 3 3 |a Věrná láska 
264 1 |a [Místo vydání není známé] :  |b Sepsáním a nákladem Josefa Martinka,  |c [1880?] 
264 3 |a v Praze :  |b Tiskem J. Spurného,  |c [1880?] 
300 |a 2 nečíslované listy ;  |c 8° (174 mm) 
336 |a text  |b txt  |2 rdacontent 
337 |a bez média  |b n  |2 rdamedia 
338 |a svazek  |b nc  |2 rdacarrier 
500 |a Rozsah: 14 arabsky číslovaných slok 
500 |a Na titulní straně: Patisk se zapovídá 
500 |a Výzdoba: Na [1a] dřevořez (39 x 77 mm) a linka, na [1b] vlys (10 x 43 mm), na [2b] krátká a delší linka 
500 |3 Ilustrace:  |a Zátiší (lyra, labuť, maska, holubice, kalich, kniha)_S5_294  |5 CZ-BrMZK 
500 |3 Ilustrace:  |a Linka (nádoba, stuha)_459  |5 CZ-BrMZK 
500 |a Text začíná na rubu titulního listu 
500 |a List [1b]: 1. || Sviť měsíčku jasně, || Ať vidím ty kraje, || [...] 
500 |a List [2a]: 5. || Když jsem mou milenku, || Ponejprv uviděl, || [...] 
500 |a Datace podle poznámek Jaroslava Vobra 
500 |a Tiskařské údaje na rubu druhého listu 
500 |a Na [1a] a [2b] čáry tužkou, na [1b] a [2a] čáry pastelkami 
500 |a Na titulní straně rukopisné přípisy: Karel Bina || narozen dne 22. M. || srpna || 1879 [datum zakroužkováno] || Václav Bina 
500 |a Na titulní straně rukopisný přípis: 51 
500 |a Na titulní straně rukopisné pořadové číslo tisku v rámci špalíčku: 54 
501 |a Přívazek 53 k: Dvě písně Nářek děvčete. Žal 
561 |a Provenience: [m.p.] Karel Bina narozen dne 22. M. srpna 1879 
561 |a Provenience: [m.p.] Václav Bina 
650 7 |a láska  |7 ph117230  |2 czenas 
650 7 |a partnerské vztahy  |7 ph115684  |2 czenas 
653 |a písně světské 
653 |a píseň - láska 
655 7 |a kramářské tisky  |7 fd119171  |2 czenas 
740 0 2 |a Svěť, měsíčku, jasně 
910 |a BOA001  |b VK-0000.103,přív.53 
924 |a Svěť, měsíčku, jasně_(+)  |b Sviť měsíčku jasně,  |c Ať vidím ty kraje 
924 |a Sviť, měsíčku, jasně viz Svěť, měsíčku, jasně 
978 |b Martinek, Josef  |a s.l.  |c 1880? 
978 |b Spurný, Jan  |a Praha  |c 1880? 
981 1 |a Bina, Karel 
981 1 |a Bina, Václav 
984 |a Praha  |b Česko 
985 |a 1851-1900 
990 |a BK 
993 |a Y 
991 |k mzk 
994 |a UP  |l MZK03  |b 001256200  |m přívazek 53  |n záznam 1. díla (pro objednání pokračujte kliknutím)